000 00291nam a2200121Ia 4500
008 220204s9999 xx 000 0 und d
082 _a334(540)
_bMAT
100 _aMATHUR, S
245 0 _aCooperation in India
260 _aAgra
_bSahitya Bhavan
_c1974
650 _aCooperation
942 _cBK
999 _c22973
_d22973